Fundamentals of physics (Record no. 6774)

MARC details
000 -LEADER
fixed length control field 00808 a2200217 4500
005 - DATE AND TIME OF LATEST TRANSACTION
control field 2008090809329.0
008 - FIXED-LENGTH DATA ELEMENTS--GENERAL INFORMATION
fixed length control field 080908t xxu||||| |||| 00| 0 eng d
010 ## - LIBRARY OF CONGRESS CONTROL NUMBER
LC control number ENG-87638
020 ## - INTERNATIONAL STANDARD BOOK NUMBER
International Standard Book Number 0070648506
Terms of availability 399.00
035 ## - SYSTEM CONTROL NUMBER
System control number EN-71171
037 ## - SOURCE OF ACQUISITION
Source of stock number/acquisition DBAD / PUB
082 ## - DEWEY DECIMAL CLASSIFICATION NUMBER
Classification number 530
100 ## - MAIN ENTRY--PERSONAL NAME
Personal name Giambattista, Alan
245 ## - TITLE STATEMENT
Title Fundamentals of physics
Statement of responsibility, etc by Alan Giambattista, Betty McCarthy Richardson [and] Robert C. Richardson
250 ## - EDITION STATEMENT
Edition statement spl. Indian ed.
260 ## - PUBLICATION, DISTRIBUTION, ETC. (IMPRINT)
Place of publication, distribution, etc New Delhi
Name of publisher, distributor, etc Tata McGraw-Hill Publishing
Date of publication, distribution, etc 2008
300 ## - PHYSICAL DESCRIPTION
Extent xxvii, various pagings
Dimensions 24 cm(pbk)
490 ## - SERIES STATEMENT
Series statement Mcgraw-Hill Companies series
942 ## - ADDED ENTRY ELEMENTS (KOHA)
Institution code [OBSOLETE] dpl
Koha item type English Books
Call number prefix 530 / GIA
Source of classification or shelving scheme Dewey Decimal Classification
Classification part 530
Call number suffix GIA
Holdings
Withdrawn status Lost status Damaged status Not for loan Collection code Home library Current library Date acquired Cost, normal purchase price Total Checkouts Full call number Barcode Date last seen Copy number Uniform Resource Identifier Cost, replacement price Price effective from Koha item type
      Not For Loan Non-fiction D.B.Act.Division D.B.Act.Division 08/09/2008 399.00   530 GIA EN-71171 15/09/2008 1 7276 399.00 15/09/2008 English Books

© Delhi Public Library
Hit Counter
free hit counter